[Event "Scarborough CC Howard Ridout Swiss"]
[Site "Toronto CAN"]
[Date "2009.10.29"]
[Round "8"]
[White "Al Ganabi, Haqi"]
[Black "Krupka, David"]
[Result "1-0"]
[WhiteElo "1882"]
[BlackElo "2144"]
[PlyCount "86"]
[GameId "2160767910096880"]
[EventDate "2009.09.10"]
[EventType "swiss"]
[EventRounds "7"]
[EventCountry "CAN"]
[SourceTitle "EXT 2011"]
[Source "ChessBase"]
[SourceDate "2011.11.26"]
[SourceVersion "1"]
[SourceVersionDate "2011.11.26"]
[SourceQuality "1"]

1. e4 c6 2. d4 d5 3. Nc3 dxe4 4. Nxe4 Nf6 5. Nxf6+ exf6 6. Nf3 Bd6 7. Bd3 Bg4 8. h3 Bh5 9. Qe2+ Qe7 10. Qxe7+ Kxe7 11. Nh4 Bg6 12. Nxg6+ hxg6 13. Bd2 Nd7 14. O-O-O Rhe8 15. c4 Kf8 16. h4 c5 17. h5 g5 18. Bf5 Nb6 19. b4 Nxc4 20. bxc5 Nxd2 21. Kxd2 Bf4+ 22. Kd3 Rad8 23. g3 Bc7 24. Be4 b6 25. c6 Rd6 26. d5 f5 27. Bg2 Rh6 28. a4 Rd8 29. Kc4 Ke7 30. Rde1+ Kd6 31. Re2 Rdh8 32. Rhe1 Bd8 33. Re5 Rxh5 34. Rxf5 Bf6 35. Kb5 Rh2 36. Be4 Re8 37. Re2 Rhh8 38. f3 Rh1 39. Ra2 Rc1 40. Re2 Rc5+ 41. Kb4 Rh8 42. f4 g4 43. Bg2 Rc3 1-0

[Event "Scarborough CC Howard Ridout Swiss"]
[Site "Toronto CAN"]
[Date "2009.10.29"]
[Round "8"]
[White "Al Ganabi, Yasir"]
[Black "Smith, Maurice"]
[Result "0-1"]
[WhiteElo "1400"]
[BlackElo "1683"]
[PlyCount "98"]
[GameId "2160767910096881"]
[EventDate "2009.09.10"]
[EventType "swiss"]
[EventRounds "7"]
[EventCountry "CAN"]
[SourceTitle "EXT 2011"]
[Source "ChessBase"]
[SourceDate "2011.11.26"]
[SourceVersion "1"]
[SourceVersionDate "2011.11.26"]
[SourceQuality "1"]

1. e4 c5 2. Nc3 d6 3. Nf3 Nf6 4. d3 g6 5. Bg5 Bg7 6. Bxf6 Bxf6 7. Be2 O-O 8. O-O Nc6 9. Qd2 Bg7 10. Rfe1 a6 11. h3 b5 12. Nd5 e6 13. Nc3 Bb7 14. Nh2 Nd4 15. a3 Qb6 16. Bf3 Rad8 17. b4 Nxf3+ 18. Nxf3 Rc8 19. e5 Bxf3 20. gxf3 Bxe5 21. f4 Bg7 22. bxc5 Qxc5 23. Ne4 Qxc2 24. Rac1 Qxd2 25. Nxd2 d5 26. Rxc8 Rxc8 27. Nf3 Rc3 28. Rd1 d4 29. Kg2 Rxa3 30. Kg3 a5 31. h4 b4 32. Ne1 b3 33. Rb1 a4 34. f3 Ra2 35. Kg4 Bf8 36. Kg3 Bb4 37. Ng2 Bc3 38. h5 Ra1 39. Rxa1 Bxa1 40. hxg6 hxg6 41. Nh4 b2 42. Kg4 b1=Q 43. f5 Qg1+ 44. Kh3 Bc3 45. Ng2 Qh1+ 46. Kg3 Qg1 47. Kh3 exf5 48. Nf4 Be1 49. Ng2 Qh1# 0-1

[Event "Scarborough CC Howard Ridout Swiss"]
[Site "Toronto CAN"]
[Date "2009.10.29"]
[Round "8"]
[White "Bzikot, Robert"]
[Black "Picana, Andrew"]
[Result "1-0"]
[WhiteElo "1908"]
[BlackElo "2103"]
[PlyCount "81"]
[GameId "2160767910096882"]
[EventDate "2009.09.10"]
[EventType "swiss"]
[EventRounds "7"]
[EventCountry "CAN"]
[SourceTitle "EXT 2011"]
[Source "ChessBase"]
[SourceDate "2011.11.26"]
[SourceVersion "1"]
[SourceVersionDate "2011.11.26"]
[SourceQuality "1"]

1. e4 e6 2. d4 d5 3. Nc3 Bb4 4. e5 Ne7 5. a3 Bxc3+ 6. bxc3 c5 7. Nf3 Qa5 8. dxc5 Qxc3+ 9. Bd2 Qxc5 10. Bb4 Qc7 11. Qd2 Nbc6 12. Bb5 O-O 13. Bd6 Qd8 14. Bxc6 bxc6 15. Qb4 Re8 16. O-O a5 17. Qa4 Ba6 18. Rfe1 Bb5 19. Qf4 Ng6 20. Qd4 Rc8 21. a4 Bc4 22. Rab1 f6 23. Rb7 f5 24. Qa7 Ne7 25. Bxe7 Ra8 26. Bxd8 Rxa7 27. Rxa7 Rxd8 28. Rb1 Kh8 29. Rbb7 Rg8 30. Nd4 c5 31. Nxe6 d4 32. Nxg7 Bd5 33. Rc7 c4 34. f3 d3 35. Nxf5 Rg5 36. Rxh7+ Kg8 37. Nh6+ Kf8 38. Rad7 Ke8 39. cxd3 Bxf3 40. e6 Rxg2+ 41. Kf1 1-0

[Event "Scarborough CC Howard Ridout Swiss"]
[Site "Toronto CAN"]
[Date "2009.10.29"]
[Round "8"]
[White "Ferreira, Alex"]
[Black "Manalo, Pepin"]
[Result "1-0"]
[WhiteElo "1956"]
[BlackElo "1863"]
[PlyCount "89"]
[GameId "2160767910096883"]
[EventDate "2009.09.10"]
[EventType "swiss"]
[EventRounds "7"]
[EventCountry "CAN"]
[SourceTitle "EXT 2011"]
[Source "ChessBase"]
[SourceDate "2011.11.26"]
[SourceVersion "1"]
[SourceVersionDate "2011.11.26"]
[SourceQuality "1"]

1. e4 c5 2. Nf3 Nc6 3. d4 cxd4 4. Nxd4 e5 5. Nf3 Nf6 6. Bc4 Bc5 7. O-O d6 8. Nc3 Bg4 9. Bg5 O-O 10. Nd5 Nd4 11. Be2 Ne6 12. Bxf6 gxf6 13. Nh4 Bxe2 14. Qxe2 Kh8 15. Qf3 Ng5 16. Qf5 Rg8 17. Kh1 Rg7 18. a4 a5 19. g3 Qc8 20. Nxf6 Qxf5 21. Nxf5 Rg6 22. f4 exf4 23. Nh5 Nxe4 24. Rxf4 Re8 25. h4 Nf2+ 26. Kg2 Re2 27. Kf3 Rxc2 28. Re1 Re6 29. Rxe6 fxe6 30. Ne3 Kg8 31. Nxc2 Nd3 32. Rg4+ Kf8 33. Rg7 Nxb2 34. Rxb7 Nxa4 35. Nf6 Nb6 36. Rxb6 Kf7 37. Ra6 Kxf6 38. Rxa5 Bb6 39. Rb5 Bd8 40. Nd4 e5 41. Nc6 Be7 42. Nxe7 Kxe7 43. Ke4 Ke6 44. Rb6 h5 45. Ra6 1-0

[Event "Scarborough CC Howard Ridout Swiss"]
[Site "Toronto CAN"]
[Date "2009.10.29"]
[Round "8"]
[White "Gillis, Doug"]
[Black "Armstrong, Robert J"]
[Result "1/2-1/2"]
[WhiteElo "1680"]
[BlackElo "1804"]
[PlyCount "68"]
[GameId "2160767910096884"]
[EventDate "2009.09.10"]
[EventType "swiss"]
[EventRounds "7"]
[EventCountry "CAN"]
[SourceTitle "EXT 2011"]
[Source "ChessBase"]
[SourceDate "2011.11.26"]
[SourceVersion "1"]
[SourceVersionDate "2011.11.26"]
[SourceQuality "1"]

1. e4 g6 2. d4 Bg7 3. Nc3 d6 4. Nf3 Nf6 5. h3 O-O 6. Be3 c6 7. Qd2 b5 8. e5 Nfd7 9. exd6 exd6 10. Bd3 Re8 11. O-O Bb7 12. Bg5 Qc7 13. Rfe1 Na6 14. Bf4 Nf6 15. Ne4 Nxe4 16. Rxe4 Rxe4 17. Bxe4 Re8 18. Re1 Qd7 19. c3 Nc7 20. Bd3 Rxe1+ 21. Qxe1 c5 22. dxc5 Bxf3 23. gxf3 dxc5 24. Bxc7 Qxd3 25. Qe8+ Bf8 26. Qe4 Qd7 27. Bg3 Qxh3 28. Qe8 Qe6 29. Qxb5 Qxa2 30. Qb8 Qd5 31. Qxa7 Qxf3 32. Qb8 Qd5 33. b4 Qd1+ 34. Kg2 h5 1/2-1/2

[Event "Scarborough CC Howard Ridout Swiss"]
[Site "Toronto CAN"]
[Date "2009.10.29"]
[Round "8"]
[White "Maister, Martin"]
[Black "Wu, Kevin"]
[Result "1-0"]
[WhiteElo "1839"]
[BlackElo "1954"]
[PlyCount "63"]
[GameId "2160767910096885"]
[EventDate "2009.09.10"]
[EventType "swiss"]
[EventRounds "7"]
[EventCountry "CAN"]
[SourceTitle "EXT 2011"]
[Source "ChessBase"]
[SourceDate "2011.11.26"]
[SourceVersion "1"]
[SourceVersionDate "2011.11.26"]
[SourceQuality "1"]

1. c4 Nf6 2. Nc3 g6 3. g3 Bg7 4. Bg2 O-O 5. Nf3 d6 6. d4 Na6 7. O-O c5 8. d5 Bd7 9. h3 Nc7 10. Kh2 b5 11. cxb5 Nxb5 12. Nxb5 Bxb5 13. Rb1 Qd7 14. Re1 Bc4 15. e4 Bxa2 16. Ra1 Bc4 17. e5 dxe5 18. Nxe5 Qb5 19. Nxc4 Qxc4 20. d6 exd6 21. Bxa8 Rxa8 22. Qxd6 a5 23. Rxa5 Rxa5 24. Qd8+ Bf8 25. Qxa5 Ne4 26. Qa8 Nf6 27. Bh6 Nd7 28. Bxf8 Nxf8 29. Re8 Qc2 30. Rxf8+ Kg7 31. Rg8+ Kh6 32. Qf3 1-0

[Event "Scarborough CC Howard Ridout Swiss"]
[Site "Toronto CAN"]
[Date "2009.10.29"]
[Round "8"]
[White "Marcille, Gord"]
[Black "Moran-Venegas, Mario"]
[Result "1-0"]
[WhiteElo "1855"]
[BlackElo "1762"]
[PlyCount "53"]
[GameId "2160767910096886"]
[EventDate "2009.09.10"]
[EventType "swiss"]
[EventRounds "7"]
[EventCountry "CAN"]
[SourceTitle "EXT 2011"]
[Source "ChessBase"]
[SourceDate "2011.11.26"]
[SourceVersion "1"]
[SourceVersionDate "2011.11.26"]
[SourceQuality "1"]

1. e4 c5 2. Nf3 d6 3. Nc3 Nc6 4. d4 cxd4 5. Nxd4 Nf6 6. Bb5 Bd7 7. O-O g6 8. Bg5 a6 9. Bxf6 exf6 10. Bc4 Bg7 11. Re1 O-O 12. Nxc6 Bxc6 13. Nd5 Rc8 14. Qf3 b5 15. Bb3 Bb7 16. Rad1 Rc5 17. Rd3 Re8 18. Red1 Re5 19. Nc3 Bf8 20. Qe3 Qa8 21. Nd5 Qd8 22. f4 Rh5 23. f5 Kg7 24. Nf4 Rh6 25. Qxc5 dxc5 26. Rxd8 c4 27. R1d7 1-0

[Event "Scarborough CC Howard Ridout Swiss"]
[Site "Toronto CAN"]
[Date "2009.10.29"]
[Round "8"]
[White "Mesiti, Silvano"]
[Black "Verde, Pino"]
[Result "0-1"]
[WhiteElo "1774"]
[BlackElo "1757"]
[PlyCount "54"]
[GameId "2160767910096887"]
[EventDate "2009.09.10"]
[EventType "swiss"]
[EventRounds "7"]
[EventCountry "CAN"]
[SourceTitle "EXT 2011"]
[Source "ChessBase"]
[SourceDate "2011.11.26"]
[SourceVersion "1"]
[SourceVersionDate "2011.11.26"]
[SourceQuality "1"]

1. e4 d6 2. Nf3 Nf6 3. Nc3 Bg4 4. Be2 e6 5. d4 c6 6. Bg5 Be7 7. O-O Nbd7 8. Ne1 Bxe2 9. Qxe2 Qa5 10. Nd3 Qxg5 11. f4 Qg4 12. Rf3 Nh5 13. Qe3 Ndf6 14. f5 h6 15. Nf2 Qg5 16. Qe2 Nf4 17. Rxf4 Qxf4 18. Rf1 h5 19. Nh3 Qh6 20. Nf4 e5 21. dxe5 dxe5 22. Nd3 Ng4 23. h3 Rd8 24. hxg4 Rxd3 25. cxd3 Bc5+ 26. Kh2 hxg4+ 27. Kg3 Qh4# 0-1

[Event "Scarborough CC Howard Ridout Swiss"]
[Site "Toronto CAN"]
[Date "2009.10.29"]
[Round "8"]
[White "Paterson, Jim"]
[Black "Conte, Michael"]
[Result "1-0"]
[WhiteElo "1839"]
[BlackElo "1840"]
[PlyCount "131"]
[GameId "2160767910096888"]
[EventDate "2009.09.10"]
[EventType "swiss"]
[EventRounds "7"]
[EventCountry "CAN"]
[SourceTitle "EXT 2011"]
[Source "ChessBase"]
[SourceDate "2011.11.26"]
[SourceVersion "1"]
[SourceVersionDate "2011.11.26"]
[SourceQuality "1"]

1. e3 c5 2. f4 Nc6 3. Nf3 g6 4. c3 d5 5. d4 cxd4 6. exd4 Bg4 7. Be2 Bg7 8. O-O Qb6 9. Qb3 Qxb3 10. axb3 e6 11. b4 Bxf3 12. Bxf3 b6 13. Na3 Nge7 14. Nc2 O-O 15. Be2 h5 16. g3 Nf5 17. Ba6 Nd6 18. Be3 Rfb8 19. Bd3 Rc8 20. Ra6 Nb8 21. Ra2 Nc4 22. Bxc4 Rxc4 23. Rc1 a6 24. Na3 Rc8 25. h3 Bf8 26. Nc2 Be7 27. Ne1 Kf8 28. Nd3 Bd6 29. Kf2 Ke8 30. Ne5 Bxe5 31. fxe5 Kd7 32. Ke2 Kc7 33. Rf1 Rg8 34. Rxf7+ Nd7 35. Ra1 b5 36. Bg5 Kc6 37. Raf1 Rgf8 38. Be7 Rg8 39. h4 Rae8 40. Bd6 Rc8 41. Re7 Rce8 42. Rff7 Rxe7 43. Rxe7 g5 44. hxg5 Rxg5 45. Rxe6 Rxg3 46. Kf2 Rg4 47. Be7+ Kc7 48. Rxa6 Rf4+ 49. Kg3 Rg4+ 50. Kf3 Rg7 51. Bf6 Rg8 52. Bh4 Rg4 53. Bg3 Nb6 54. Ra7+ Kd8 55. Rh7 Na4 56. Rxh5 Re4 57. Rh2 Ke8 58. Rc2 Kf7 59. b3 Nb6 60. Re2 Rxe2 61. Kxe2 Nd7 62. Kd3 Ke6 63. c4 bxc4+ 64. bxc4 dxc4+ 65. Kxc4 Nb6+ 66. Kc5 1-0

[Event "Scarborough CC Howard Ridout Swiss"]
[Site "Toronto CAN"]
[Date "2009.10.29"]
[Round "8"]
[White "Pedersen, Rune"]
[Black "Sellars, Karl"]
[Result "0-1"]
[WhiteElo "2076"]
[BlackElo "2268"]
[PlyCount "60"]
[GameId "2160767910096889"]
[EventDate "2009.09.10"]
[EventType "swiss"]
[EventRounds "7"]
[EventCountry "CAN"]
[SourceTitle "EXT 2011"]
[Source "ChessBase"]
[SourceDate "2011.11.26"]
[SourceVersion "1"]
[SourceVersionDate "2011.11.26"]
[SourceQuality "1"]

1. e4 e6 2. d4 d5 3. Nc3 Nf6 4. e5 Nfd7 5. f4 c5 6. Nf3 Nc6 7. Be3 cxd4 8. Nxd4 Bb4 9. Qd2 Nc5 10. Bd3 O-O 11. O-O Na4 12. Bb5 Nxb2 13. Rab1 Qa5 14. Nb3 Qxb5 15. Nxb5 Bxd2 16. Nxd2 Na4 17. Rb3 Rd8 18. Ra3 d4 19. Rxa4 dxe3 20. Ne4 Bd7 21. Ned6 a6 22. Nc7 Ra7 23. Re1 b6 24. Rxa6 Rxc7 25. Rxb6 Na5 26. Rxe3 Rxc2 27. Ra6 Rb8 28. h4 Rb1+ 29. Kh2 Bc6 30. Rg3 Rcc1 0-1

[Event "Scarborough CC Howard Ridout Swiss"]
[Site "Toronto CAN"]
[Date "2009.10.29"]
[Round "8"]
[White "Peng, Bill"]
[Black "Hall, John2"]
[Result "1/2-1/2"]
[WhiteElo "2141"]
[BlackElo "2257"]
[PlyCount "40"]
[GameId "2160767910096890"]
[EventDate "2009.09.10"]
[EventType "swiss"]
[EventRounds "7"]
[EventCountry "CAN"]
[SourceTitle "EXT 2011"]
[Source "ChessBase"]
[SourceDate "2011.11.26"]
[SourceVersion "1"]
[SourceVersionDate "2011.11.26"]
[SourceQuality "1"]

1. e4 e5 2. Nf3 Nc6 3. Bc4 Nf6 4. d3 Be7 5. O-O O-O 6. Bg5 d6 7. c3 Na5 8. Nbd2 Nxc4 9. Nxc4 h6 10. Bh4 Nh7 11. Bxe7 Qxe7 12. Re1 Be6 13. Ne3 Ng5 14. Nf5 Bxf5 15. exf5 Qf6 16. Nxg5 Qxg5 17. Qf3 c6 18. Re4 Qf6 19. Rae1 c5 20. h4 Rfe8 1/2-1/2

[Event "Scarborough CC Howard Ridout Swiss"]
[Site "Toronto CAN"]
[Date "2009.10.29"]
[Round "8"]
[White "Radpey, Abdolreza"]
[Black "Kurkowski, Ken"]
[Result "0-1"]
[WhiteElo "1488"]
[BlackElo "1690"]
[PlyCount "54"]
[GameId "2160767910096891"]
[EventDate "2009.09.10"]
[EventType "swiss"]
[EventRounds "7"]
[EventCountry "CAN"]
[SourceTitle "EXT 2011"]
[Source "ChessBase"]
[SourceDate "2011.11.26"]
[SourceVersion "1"]
[SourceVersionDate "2011.11.26"]
[SourceQuality "1"]

1. Nf3 f5 2. c4 Nf6 3. d4 d5 4. cxd5 Nxd5 5. Nc3 e6 6. Bg5 Be7 7. Bxe7 Qxe7 8. Ne5 O-O 9. e3 Nd7 10. Nxd5 exd5 11. f4 Nxe5 12. fxe5 Qh4+ 13. g3 Qe4 14. Qe2 Qxh1 15. O-O-O Be6 16. Bh3 Qe4 17. Rf1 g5 18. Kd2 c5 19. Qh5 cxd4 20. Qxg5+ Kh8 21. Rc1 Qxe3+ 22. Qxe3 dxe3+ 23. Kxe3 f4+ 24. gxf4 Bxh3 25. Rc7 b6 26. Rc6 d4+ 27. Ke4 Bg2+ 0-1

[Event "Scarborough CC Howard Ridout Swiss"]
[Site "Toronto CAN"]
[Date "2009.10.29"]
[Round "8"]
[White "Rutherdale, William"]
[Black "Ward, Dean"]
[Result "1/2-1/2"]
[WhiteElo "1741"]
[BlackElo "1800"]
[PlyCount "115"]
[GameId "2160767910096892"]
[EventDate "2009.09.10"]
[EventType "swiss"]
[EventRounds "7"]
[EventCountry "CAN"]
[SourceTitle "EXT 2011"]
[Source "ChessBase"]
[SourceDate "2011.11.26"]
[SourceVersion "1"]
[SourceVersionDate "2011.11.26"]
[SourceQuality "1"]

1. d4 d5 2. c4 e6 3. Nc3 c6 4. cxd5 exd5 5. Nf3 h6 6. Bf4 Qb6 7. Qd2 Nf6 8. a3 Bf5 9. e3 Nh5 10. Bxb8 Rxb8 11. Be2 Nf6 12. O-O Bd6 13. b4 Qc7 14. Rfc1 O-O 15. Nb5 Qd7 16. Nxd6 Qxd6 17. b5 cxb5 18. Bxb5 Rbc8 19. Qb4 Qxb4 20. axb4 a6 21. Be2 Rxc1+ 22. Rxc1 Rc8 23. Rxc8+ Bxc8 24. Ne5 Ne4 25. Kf1 Nc3 26. Bf3 Be6 27. Ke1 Na2 28. Nd3 b6 29. Kd2 Kf8 30. Kc2 Bf5 31. Kb2 Bxd3 32. Kxa2 Bc4+ 33. Kb2 f5 34. Bh5 Ke7 35. Bg6 Kf6 36. Be8 Kg5 37. Kc3 Bf1 38. g3 Kg4 39. Kd2 Bg2 40. h4 Be4 41. Ba4 Kf3 42. Ke1 g5 43. Bd1+ Kg2 44. hxg5 hxg5 45. Be2 a5 46. bxa5 bxa5 47. Bd1 Bf3 48. Ba4 Kh3 49. Bd7 Kg4 50. Kd2 Be4 51. Ba4 f4 52. gxf4 gxf4 53. Bd1+ Kf5 54. Ba4 fxe3+ 55. fxe3 Ke6 56. Kc3 Kd6 57. Bd1 Bf5 58. Ba4 1/2-1/2

[Event "Scarborough CC Howard Ridout Swiss"]
[Site "Toronto CAN"]
[Date "2009.10.29"]
[Round "8"]
[White "Southam, David"]
[Black "Moysoski, Randy"]
[Result "1-0"]
[WhiteElo "2146"]
[BlackElo "1894"]
[PlyCount "99"]
[GameId "2160767910096893"]
[EventDate "2009.09.10"]
[EventType "swiss"]
[EventRounds "7"]
[EventCountry "CAN"]
[SourceTitle "EXT 2011"]
[Source "ChessBase"]
[SourceDate "2011.11.26"]
[SourceVersion "1"]
[SourceVersionDate "2011.11.26"]
[SourceQuality "1"]

1. d4 Nf6 2. Nc3 e6 3. e4 Bb4 4. e5 Nd5 5. Bd2 Nxc3 6. bxc3 Be7 7. Qg4 Bf8 8. Bg5 h5 9. Qg3 Be7 10. Bxe7 Qxe7 11. Qxg7 Qf8 12. Qxf8+ Kxf8 13. Bd3 Nc6 14. Ne2 b6 15. O-O Bb7 16. f4 Ne7 17. f5 Ke8 18. Rf2 Nd5 19. Re1 Ke7 20. Be4 c6 21. c4 Ne3 22. fxe6 dxe6 23. Ng3 Nxc4 24. Bd3 Nb2 25. Ref1 Raf8 26. Ne4 Nxd3 27. cxd3 c5 28. Nd6 Bd5 29. Rxf7+ Rxf7 30. Rxf7+ Kd8 31. dxc5 bxc5 32. g3 h4 33. Rxa7 Rg8 34. Kf2 hxg3+ 35. hxg3 Rg4 36. Ra5 Kd7 37. Rxc5 Bxa2 38. Ne4 Rg6 39. Nf6+ Kd8 40. g4 Bb3 41. Kf3 Bd1+ 42. Kf4 Be2 43. d4 Ke7 44. g5 Bf1 45. Rc3 Bg2 46. Kg4 Kd8 47. Kh5 Rg7 48. g6 Ra7 49. Rg3 Bc6 50. g7 1-0

[Event "Scarborough CC Howard Ridout Swiss"]
[Site "Toronto CAN"]
[Date "2009.10.29"]
[Round "8"]
[White "Stewart, Frankie"]
[Black "Wiebe, Daniel"]
[Result "0-1"]
[WhiteElo "1786"]
[BlackElo "1929"]
[PlyCount "89"]
[GameId "2160767910096894"]
[EventDate "2009.09.10"]
[EventType "swiss"]
[EventRounds "7"]
[EventCountry "CAN"]
[SourceTitle "EXT 2011"]
[Source "ChessBase"]
[SourceDate "2011.11.26"]
[SourceVersion "1"]
[SourceVersionDate "2011.11.26"]
[SourceQuality "1"]

1. e4 c5 2. Nf3 d6 3. d4 cxd4 4. Nxd4 Nf6 5. Nc3 a6 6. f4 Bg4 7. Be2 Bxe2 8. Qxe2 e5 9. Nf5 g6 10. Ng3 Nc6 11. O-O Nd4 12. Qf2 Ng4 13. Qd2 Qh4 14. h3 Qxg3 15. hxg4 Qxg4 16. Rf2 Rc8 17. Nd5 Bg7 18. c3 Nc6 19. Ne3 Qh4 20. Nd5 h5 21. Qd3 exf4 22. Bxf4 Ne5 23. Qd2 Ng4 24. Rf3 Be5 25. Rh3 Qd8 26. Rf1 O-O 27. Bxe5 dxe5 28. Qe2 Kg7 29. Rd1 Qg5 30. Qe1 f5 31. exf5 Rxf5 32. Ne3 Nxe3 33. Rxe3 Rcf8 34. Qg3 Qxg3 35. Rxg3 R8f7 36. Rd6 R5f6 37. Rxf6 Rxf6 38. Re3 Re6 39. Re4 Kf6 40. Kf2 Kf5 41. Kf3 g5 42. Ke3 h4 43. a4 g4 44. a5 h3 45. Ra4 0-1

[Event "Scarborough CC Howard Ridout Swiss"]
[Site "Toronto CAN"]
[Date "2009.10.29"]
[Round "8"]
[White "Ugodnikov, Arkadiy"]
[Black "Lamb, Bryan"]
[Result "0-1"]
[WhiteElo "1748"]
[BlackElo "2232"]
[PlyCount "80"]
[GameId "2160767910096895"]
[EventDate "2009.09.10"]
[EventType "swiss"]
[EventRounds "7"]
[EventCountry "CAN"]
[SourceTitle "EXT 2011"]
[Source "ChessBase"]
[SourceDate "2011.11.26"]
[SourceVersion "1"]
[SourceVersionDate "2011.11.26"]
[SourceQuality "1"]

1. e4 c5 2. Nf3 d6 3. Bb5+ Nc6 4. Bxc6+ bxc6 5. d3 g6 6. h3 Bg7 7. Nc3 Rb8 8. O-O Qc7 9. Re1 e5 10. Rb1 Ne7 11. Bg5 O-O 12. Nh2 f5 13. f3 Kh8 14. Ne2 Ng8 15. c3 Be6 16. b3 f4 17. Kh1 h6 18. Bh4 g5 19. Bf2 h5 20. Ng1 Nh6 21. d4 cxd4 22. cxd4 Rg8 23. Rc1 Bf6 24. d5 Bd7 25. dxc6 Be6 26. Rc3 Rg7 27. Rd3 Be7 28. Re2 Rbg8 29. Be1 Rh7 30. Bb4 Nf7 31. Red2 g4 32. Qf1 g3 33. Ne2 Rhg7 34. Ng4 hxg4 35. fxg4 Bxg4 36. Nc3 Qxc6 37. Nd5 Bd8 38. Rc3 Qb7 39. Rcd3 Bxh3 40. Qf3 Bg4 0-1

[Event "Scarborough CC Howard Ridout Swiss"]
[Site "Toronto CAN"]
[Date "2009.10.29"]
[Round "8"]
[White "Wu, Aaron"]
[Black "Jizan, Masoud"]
[Result "1-0"]
[WhiteElo "1963"]
[BlackElo "1718"]
[PlyCount "72"]
[GameId "2160767910092800"]
[EventDate "2009.09.10"]
[EventType "swiss"]
[EventRounds "7"]
[EventCountry "CAN"]
[SourceTitle "EXT 2011"]
[Source "ChessBase"]
[SourceDate "2011.11.26"]
[SourceVersion "1"]
[SourceVersionDate "2011.11.26"]
[SourceQuality "1"]

1. e4 e5 2. Nf3 Nc6 3. Bb5 Nge7 4. O-O a6 5. Bc4 d5 6. exd5 Nxd5 7. d4 exd4 8. Nxd4 Be7 9. Nxc6 bxc6 10. Qf3 O-O 11. Rd1 Bf6 12. Bxd5 cxd5 13. Qxd5 Bb7 14. Qxd8 Raxd8 15. Rf1 Rfe8 16. Na3 Re4 17. Rb1 Rg4 18. g3 h5 19. Bf4 h4 20. h3 Rg6 21. g4 Bf3 22. Kh2 Bd4 23. c3 Ba7 24. Nc4 Be2 25. Ne5 Rf6 26. Bg5 Bxf1 27. Rxf1 Rd5 28. Bxf6 gxf6 29. Nf3 Rb5 30. b3 a5 31. Kg2 a4 32. Rb1 Bc5 33. Nxh4 Bd6 34. Kf3 Re5 35. Nf5 Re6 36. Nxd6 cxd6 1-0

[Event "Scarborough CC Howard Ridout Swiss"]
[Site "Toronto CAN"]
[Date "2009.10.29"]
[Round "8"]
[White "Zhou, Kevin"]
[Black "Garel, Rick"]
[Result "1/2-1/2"]
[WhiteElo "1826"]
[BlackElo "1915"]
[PlyCount "60"]
[GameId "2160767910092801"]
[EventDate "2009.09.10"]
[EventType "swiss"]
[EventRounds "7"]
[EventCountry "CAN"]
[SourceTitle "EXT 2011"]
[Source "ChessBase"]
[SourceDate "2011.11.26"]
[SourceVersion "1"]
[SourceVersionDate "2011.11.26"]
[SourceQuality "1"]

1. e4 c6 2. d4 d5 3. exd5 cxd5 4. Bd3 Nf6 5. c3 Nc6 6. Bf4 Qb6 7. Qb3 Qxb3 8. axb3 e6 9. h3 Be7 10. Nd2 O-O 11. Ngf3 Bd7 12. O-O Ne8 13. b4 Bd6 14. Bxd6 Nxd6 15. Ra2 f6 16. Re1 Rfe8 17. Bc2 a6 18. Nb3 b6 19. Nbd2 Nb5 20. Bd3 Nc7 21. Rea1 a5 22. bxa5 Rxa5 23. Bc2 Rea8 24. Rxa5 Rxa5 25. Rxa5 Nxa5 26. Kf1 g6 27. Ke2 Kf7 28. h4 Bb5+ 29. Ke3 Nc4+ 30. Nxc4 dxc4 1/2-1/2

[Event "Scarborough CC Howard Ridout Swiss U1700"]
[Site "Toronto CAN"]
[Date "2009.09.10"]
[Round "1"]
[White "Dattani, Dinesh"]
[Black "Lin, Tony (Juntao)"]
[Result "0-1"]
[WhiteElo "1412"]
[BlackElo "1560"]
[PlyCount "56"]
[GameId "2160767910092802"]
[EventDate "2009.09.10"]
[EventType "swiss"]
[EventRounds "8"]
[EventCountry "CAN"]

1. e4 c5 2. Nf3 e6 3. c4 Nc6 4. d4 cxd4 5. Nxd4 Nf6 6. Nxc6 bxc6 7. Bd3 d5 8. Qc2 h6 9. cxd5 cxd5 10. O-O Bd7 11. exd5 Nxd5 12. Qe2 Be7 13. Bd2 Qb6 14. Bc3 Nxc3 15. Nxc3 Bc6 16. Rac1 O-O 17. Rc2 Rfd8 18. Ne4 Rxd3 19. Rxc6 Qxc6 20. Qxd3 Rd8 21. Qe3 Qb6 22. Qf3 Qxb2 23. Qb3 Qxb3 24. axb3 Rd4 25. f3 f5 26. Nf2 Rb4 27. Ra1 Rxb3 28. Rxa7 Rb1+ 0-1

[Event "Scarborough CC Howard Ridout Swiss U1700"]
[Site "Toronto CAN"]
[Date "2009.09.17"]
[Round "2"]
[White "Lin, Tony (Juntao)"]
[Black "Pishdad, Hassan"]
[Result "0-1"]
[WhiteElo "1565"]
[BlackElo "1376"]
[PlyCount "60"]
[GameId "2160767910092805"]
[EventDate "2009.09.10"]
[EventType "swiss"]
[EventRounds "8"]
[EventCountry "CAN"]

1. e4 c5 2. Nf3 Nc6 3. Bb5 e6 4. O-O Nf6 5. e5 Nd5 6. c4 Nb6 7. Bxc6 bxc6 8. d4 Nxc4 9. Qc2 Ba6 10. b3 Nb6 11. Rd1 c4 12. bxc4 Bxc4 13. Ba3 Bxa3 14. Nxa3 Bd5 15. Nd2 Qh4 16. Re1 Qxd4 17. Nf3 Qf4 18. Re3 Bxf3 19. gxf3 O-O 20. Kg2 Nd5 21. Re4 Qg5+ 22. Kh1 Qf5 23. Kg2 Qg5+ 24. Kh1 Qf5 25. Kg2 Nf4+ 26. Kh1 Nh3 27. Kg2 Ng5 28. Re3 Qh3+ 29. Kg1 Nxf3+ 30. Rxf3 Qxf3 0-1

[Event "Scarborough CC Howard Ridout Swiss U1700"]
[Site "Toronto CAN"]
[Date "2009.10.01"]
[Round "4"]
[White "Graham, John"]
[Black "Lin, Tony (Juntao)"]
[Result "0-1"]
[WhiteElo "1446"]
[BlackElo "1550"]
[PlyCount "73"]
[GameId "2160767910092806"]
[EventDate "2009.09.10"]
[EventType "swiss"]
[EventRounds "8"]
[EventCountry "CAN"]

1. c4 c6 2. g3 d5 3. cxd5 cxd5 4. Bg2 Nf6 5. Nf3 Nc6 6. d4 Bf5 7. a3 e6 8. O-O Bd6 9. Nc3 a6 10. Re1 Qc7 11. b4 Nxb4 12. axb4 Qxc3 13. Bd2 Qc7 14. Qa4+ Qd7 15. Ng5 Qxa4 16. Rxa4 Ne4 17. Nxe4 Bxe4 18. f3 Bg6 19. e4 dxe4 20. fxe4 e5 21. dxe5 Bxe5 22. Bf4 Bxf4 23. gxf4 O-O-O 24. f5 Bh5 25. e5 Rd1 26. Ra1 Rxa1 27. Rxa1 Bg4 28. b5 Bxf5 29. bxa6 bxa6 30. Rxa6 Kd7 31. Rd6+ Ke7 32. Rc6 h5 33. h4 Be6 34. Bf1 Bd5 35. Ra6 Be6 36. Bb5 Bd5 37. Ra7+ 0-1